Dating violence experiences of lesbian, gay, bisexual, and transgender youth

Gespeichert in:  
Bibliographische Detailangaben
VerfasserInnen: Dank, Meredith 1977- (Verfasst von) ; Yahner, Jennifer (Verfasst von) ; Zweig, Janine M. (Verfasst von) ; Lachman, Pamela (Verfasst von)
Medienart: Elektronisch Aufsatz
Sprache:Englisch
Veröffentlicht: 2014
In: Journal of youth and adolescence
Jahr: 2014, Band: 43, Heft: 5, Seiten: 846-857
Online-Zugang: Volltext (lizenzpflichtig)
Volltext (lizenzpflichtig)
Verfügbarkeit prüfen: HBZ Gateway

MARC

LEADER 00000caa a22000002c 4500
001 1912505304
003 DE-627
005 20250116055011.0
007 cr uuu---uuuuu
008 241217s2014 xx |||||o 00| ||eng c
024 7 |a 10.1007/s10964-013-9975-8  |2 doi 
035 |a (DE-627)1912505304 
035 |a (DE-599)KXP1912505304 
040 |a DE-627  |b ger  |c DE-627  |e rda 
041 |a eng 
084 |a 2,1  |2 ssgn 
100 1 |a Dank, Meredith  |d 1977-  |e VerfasserIn  |0 (DE-588)101393640X  |0 (DE-627)705135837  |0 (DE-576)323902529  |4 aut 
109 |a Dank, Meredith 1977-  |a Dank, Meredith L. 1977- 
245 1 0 |a Dating violence experiences of lesbian, gay, bisexual, and transgender youth 
264 1 |c 2014 
336 |a Text  |b txt  |2 rdacontent 
337 |a Computermedien  |b c  |2 rdamedia 
338 |a Online-Ressource  |b cr  |2 rdacarrier 
700 1 |a Yahner, Jennifer  |e VerfasserIn  |4 aut 
700 1 |a Zweig, Janine M.  |e VerfasserIn  |4 aut 
700 1 |a Lachman, Pamela  |e VerfasserIn  |4 aut 
773 0 8 |i Enthalten in  |t Journal of youth and adolescence  |d New York, NY [u.a.] : Springer Science + Business Media B.V., 1972  |g 43(2014), 5, Seite 846-857  |h Online-Ressource  |w (DE-627)320578542  |w (DE-600)2017317-9  |w (DE-576)102669392  |x 1573-6601  |7 nnas 
773 1 8 |g volume:43  |g year:2014  |g number:5  |g pages:846-857 
787 0 8 |i Forschungsdaten  |a Zweig, Janine  |t Technology, Teen Dating Violence and Abuse, and Bullying in Three States, 2011-2012  |d [Erscheinungsort nicht ermittelbar] : [Verlag nicht ermittelbar], 2015  |w (DE-627)1840045043 
856 4 0 |u https://doi.org/10.1007/s10964-013-9975-8  |x Resolving-System  |z lizenzpflichtig  |3 Volltext  |7 1 
856 4 0 |u https://www.ncjrs.gov/app/publications/abstract.aspx?id=268767  |x Verlag  |z lizenzpflichtig  |3 Volltext  |7 1 
935 |a mkri 
951 |a AR 
ELC |a 1 
LOK |0 000 xxxxxcx a22 zn 4500 
LOK |0 001 4637470803 
LOK |0 003 DE-627 
LOK |0 004 1912505304 
LOK |0 005 20241217044308 
LOK |0 008 241217||||||||||||||||ger||||||| 
LOK |0 035   |a (DE-2619)ICPSR146836 
LOK |0 040   |a DE-2619  |c DE-627  |d DE-2619 
LOK |0 092   |o n 
LOK |0 852   |a DE-2619 
LOK |0 852 1  |9 00 
LOK |0 935   |a nacp 
LOK |0 939   |a 17-12-24  |b l01 
ORI |a SA-MARC-krimdoka001.raw